| 000 | 00879nam a2200289 a 4500 | ||
|---|---|---|---|
| 999 |
_c2861 _d2861 |
||
| 001 | 016955285 | ||
| 003 | UkOxU | ||
| 005 | 20230824215850.0 | ||
| 008 | 081103s2009 enk 000 d eng d | ||
| 015 |
_aGBA8D3559 _2bnb |
||
| 020 |
_a9780141190266 (pbk.) : _c£8.99 |
||
| 020 |
_a0141190264 (pbk.) : _c£8.99 |
||
| 035 | _a(Uk)014836346 | ||
| 035 | _a(UkOxU)UkOxUw14429648 | ||
| 040 |
_aStDuBDS _beng _cStDuBDS _dKH8 |
||
| 082 | 0 | 4 |
_a812.54 WIL _222 |
| 100 | 1 |
_aWilliams, Tennessee, _d1911-1983, _eauthor. |
|
| 245 | 1 | 4 |
_aThe glass menagerie / _cTennessee Williams. |
| 260 |
_aLondon : _bPenguin, _c2009. |
||
| 300 |
_axii, 92p. ; _c20 cm. |
||
| 490 | 1 | _aPenguin modern classics | |
| 650 | 0 |
_aFamilies _vDrama. |
|
| 651 | 0 |
_aSaint Louis (Mo.) _xSocial conditions _vDrama. |
|
| 700 |
_aWilliams, Tennessee, _eauthor. |
||
| 830 | 0 | _aPenguin modern classics. | |
| 942 |
_2ddc _cTR |
||